000 00615nam a2200205Ia 4500
003 IN-BaIIA
008 211028s9999 xx 000 0 eng d
020 _a90-277-0936-X
040 _cIIA Library
080 _a51:53
_bNON
245 0 _aNon-linear equations in physics and mathematics
_cedited by A. O. Barut
260 _aDordrecht
_bD. Reidel Publishing
_c1978
300 _aviii,473p
650 _aMathematics
_982
650 _aNASA Thesaurus
650 _aNonlinear Equations
_91654
650 _aPhysics
_973
700 _aBarut, A. O., ed.
_910743
942 _cBK
999 _c6251
_d6251